00668nam a2200205 a 450000100060000000300090000600800410001502000150005604000280007108200170009910000350011624500590015126000460021030000110025649000390026765000510030665000380035765000230039565000440041815857CO-ViMGA141112s2004 ck r 000 u spa d a9588052599 aCO-ViMGAbspacCO-ViMGA04a923.41 V176e1 aVasquez Perdomo, Maria Eugenia10aEscrito para no morir : bBitácora de una militancia aBogotá, cMinisterio de Cultura, c2000 a490.p. aPremios Nacionales de Cultura 199814aCOLOMBIA - Política Y GOBIERNO - 1980 - 200014aMOVIMIENTO 19 DE ABRIL - HISTORIA14aRELATOS PERSONALES14aVASQUEZ PERDOMO, MARIA EUGENIA, 1951 -